000 01114cam a2200313 a 4500
001 2745
005 20250813135129.0
020 _a9780753465295
040 _aDLC
_cDLC
_dDLC
_beng
050 0 0 _aQB209.W38
082 0 0 _a508
100 1 _aWalpole, Brenda
245 1 0 _aI wonder why the sun rises and other questions about time and seasons /
_cBrenda Walpole
250 _aFirst published in 1996
260 _aNew York :
_bKingfisher,
_c2011
300 _a32 pages :
_bcolor illustrations ;
_c28 cm.
490 1 _aI wonder why
505 _aU
520 _aUses a question and answer format to present information about time and the seasons, such as how to split a second, who invented our calendar, and why the moon changes shapes.
521 _a820
_bLexile
521 _aU
_bRaz-Plus
650 0 _aTime
_xMiscellanea
_xJuvenile literature.
650 0 _aSeasons
_xMiscellanea
_xJuvenile literature.
650 1 _aTime
_xMiscellanea.
650 1 _aSeasons
_xMiscellanea.
650 1 _aQuestions and answers.
906 _a7
_bcbc
_corignew
_d1
_eocip
_f19
_gy-gencatlg
942 _2ddc
_cBK
_n0
999 _c2745
_d2745